Managing human resources : Productivity, quality of work life, profits
| Main Author: | |
|---|---|
| Format: | Book |
| Published: |
New York :
McGraw-Hill ,
1992
|
| Subjects: |
MARC
| LEADER | 00000cam a2200000 7i4500 | ||
|---|---|---|---|
| 001 | 0000001952 | ||
| 002 | 000002120 | ||
| 005 | 20000330.0 | ||
| 020 | |a 0070109966 | ||
| 090 | 0 | 0 | |a 658.3 |b CAS |
| 100 | 1 | |a Cascio, Wayne F. | |
| 245 | 1 | 0 | |a Managing human resources : |b Productivity, quality of work life, profits |c Wayne F. Cascio |
| 260 | |a New York : |b McGraw-Hill , |c 1992 | ||
| 300 | |a 680p. | ||
| 650 | 0 | 0 | |a Personnel management |
| 999 | |a 028059 |b BUKU |c PINJAMAN |e PERPUSTAKAAN KOMUNITI PETALING JAYA | ||